Statistics for Best MLB Players Of All Time

Click here to take the quiz!

General Stats

  • This quiz has been taken 26 times
  • The average score is 9 of 25

Answer Stats

HintAnswer% Correct
1.Babe Ruth
95%
3.Hank Aaron
82%
4.Barry Bonds
77%
10.Mickey Mantle
73%
19.Joe DiMaggio
50%
6.Lou Gehrig
45%
13.Randy Johnson
45%
9.Walter Johnson
45%
12.Ken Griffey Jr.
41%
5.Ty Cobb
36%
22.Alex Rodriguez
32%
23.Derek Jeter
32%
18.Roger Clemens
32%
7.Ted Williams
32%
21.Frank Robinson
27%
16.Greg Maddux
27%
14.Mike Trout
27%
20.Albert Pujols
23%
15.Honus Wagner
23%
11.Pedro Martinez
18%
24.Tom Seaver
14%
25.Bob Gibson
9%
17.Rickey Henderson
9%
8.Stan Musial
9%
2.Wilie Mays
0%

Score Distribution

Percentile by Number Answered

Percent of People with Each Score

Your Score History

You have not taken this quiz